Objets de mobilité - Statistiques

Statistiques générales
  • Ce quiz a été pris 132 fois
    118 depuis la dernière actualisation
  • Le résultat moyen est 23 sur 68
Statistiques - réponses
Answers % Correct
Vélo
93%
Voiture
93%
Avion
92%
Trottinette
87%
Moto
83%
Train
83%
Bus
81%
Bateau
78%
Hélicoptère
76%
Skateboard
69%
scooter
64%
Rollers
62%
Camion
60%
Tram
60%
Métro
59%
Ski
52%
Car
51%
Barque
40%
Fusée
38%
Parachute
37%
Surf
36%
Cheval
34%
Kayak
34%
Patins à glace
34%
Canoé
33%
Luge
33%
Quad
33%
Tracteur
33%
Tricycle
33%
Sous-marin
30%
Voilier
30%
Parapente
29%
Snowboard
29%
TGV
29%
Deltaplane
28%
Jetski
28%
Traineau
27%
Camionnette
26%
Mobylette
26%
Pieds
26%
Montgolfière
24%
Télésiège
24%
Hydravion
23%
ULM
23%
Monocycle
22%
Motoneige
20%
Planche à voile
17%
Hoverboard
15%
Téléphérique
15%
Ascenseur
14%
Catamaran
14%
pédalo
13%
Radeau
13%
tire-fesse
13%
Vespa
13%
Yacht
12%
Bobsleigh
10%
Calèche
10%
dirigeable
10%
Kitesurf
10%
Paddle
10%
Van
9%
Caravane
8%
Kart
8%
Ski nautique
6%
Diligence
5%
Touk touk
3%
Waveboard
1%
Aucun quiz correspondant
Distribution des résultats
% des personnes avec chaque résultat
Percentile par nombre de réponses
Votre historique - résultats
Vous n’avez pas pris ce quiz depuis la dernière actualisation